000 00391nam a2200169Ia 4500
003 GCL
040 _aGCL /
_cGCL
082 0 4 _a069
_bS K
100 1 _aSPEISER, F.
245 1 0 _aKUNSTWERKE VOM SEPIK /
_cSPEISER, F.
260 _a[S.N] :
_bMUSEUM FUR VOLKSKUNDE ،
_c1954
300 _a34 P
650 0 4 _aMUSEUMS
650 0 4 _aART, NEW GUINEA
650 0 4 _aNEW GUINEA
942 _2ddc
_cBK
999 _c20623
_d20623